| 000 | 00326nam a22000977a 4500 | ||
|---|---|---|---|
| 008 | 230620b |||||||| |||| 00| 0 eng d | ||
| 040 |
_aNational Science Library _cNational Science Library |
||
| 245 | _aAnnual research report the civil engineering laboratries for 1964-1967 | ||
| 260 |
_bUniversity of roorkee _c1965 |
||
| 942 | _cREP | ||
| 999 |
_c66187 _d66187 |
||